[Event "IECG CB.2006.0.00164 email"]
[Site "IECG email"]
[Date "2006.10.15"]
[Round "1"]
[White "Caluade, Timothy"]
[Black "Roelofszen, Tom"]
[Result "1/2-1/2"]
[WhiteElo "1859"]
[BlackElo "1846"]
[PlyCount "73"]
[EventDate "2006.11.08"]
[EventType "tourn (corr)"]
[EventRounds "6"]
[SourceTitle "Corr 2011"]
[Source "ChessBase"]
[SourceDate "2010.08.31"]
[SourceVersion "1"]
[SourceVersionDate "2010.08.31"]
[SourceQuality "1"]

1. d4 d6 2. c4 Nf6 3. Nc3 Nbd7 4. e4 e5 5. Nf3 Be7 6. Be2 c6 7. 0-0 Qc7 8. Be3 Nf8 9. d5 Ng6 10. Ne1 0-0 11. Nd3 c5 12. a3 Bd7 13. Rb1 a6 14. b4 b6 15. h3 Rfb8 16. Rb3 b5 17. Nb2 Nf4 18. Bxf4 exf4 19. Qd3 cxb4 20. axb4 bxc4 21. Nxc4 a5 22. b5 a4 23. Rb4 a3 24. Ra1 Be8 25. Rxa3 Rxa3 26. Nxa3 Nd7 27. Qd2 Ne5 28. Na4 Qa5 29. Rd4 Bd8 30. Qxa5 Bxa5 31. Rd1 Bd7 32. Nc2 Bd8 33. Nd4 Ra8 34. Ra1 Kf8 35. Ra2 Bb6 36. Nc6 f5 37. exf5 1/2-1/2

[Event "IECG CD.2006.0.00111 email"]
[Site "IECG email"]
[Date "2006.06.21"]
[Round "?"]
[White "Martinez, Jorge"]
[Black "Caluade, Timothy"]
[Result "1/2-1/2"]
[WhiteElo "1430"]
[BlackElo "1500"]
[PlyCount "48"]
[EventDate "2006.06.21"]
[EventType "tourn (corr)"]
[EventRounds "6"]
[SourceTitle "Corr 2008"]
[Source "ChessBase"]
[SourceDate "2008.06.24"]
[SourceVersion "1"]
[SourceVersionDate "2008.06.24"]
[SourceQuality "1"]

1. d4 Nf6 2. c4 e6 3. Nc3 Bb4 4. Qc2 0-0 5. Bg5 c5 6. dxc5 Na6 7. a3 Bxc3+ 8. Qxc3 Nxc5 9. Bxf6 Qxf6 10. Qxf6 gxf6 11. Rd1 Rd8 12. b4 Na4 13. e3 b6 14. Nf3 Bb7 15. Rc1 Rac8 16. Kd2 d5 17. c5 bxc5 18. Bb5 Nb6 19. Rxc5 Nc4+ 20. Bxc4 dxc4+ 21. Kc3 Rd3+ 22. Kxc4 Ba6+ 23. b5 Rxc5+ 24. Kxc5 Rd5+ 1/2-1/2

[Event "IECG CC.2006.0.00135 email"]
[Site "IECG email"]
[Date "2006.04.22"]
[Round "?"]
[White "Caluade, Timothy"]
[Black "Balmelle, Jean Luc"]
[Result "1/2-1/2"]
[WhiteElo "1500"]
[BlackElo "1732"]
[PlyCount "32"]
[EventDate "2006.04.22"]
[EventType "tourn (corr)"]
[EventRounds "6"]
[SourceTitle "Corr 2008"]
[Source "ChessBase"]
[SourceDate "2008.06.24"]
[SourceVersion "1"]
[SourceVersionDate "2008.06.24"]
[SourceQuality "1"]

1. d4 Nf6 2. c4 e6 3. Nc3 Bb4 4. Qc2 d6 5. Bg5 Nbd7 6. e3 b6 7. Nge2 Bb7 8. a3 Bxc3+ 9. Nxc3 h6 10. Bh4 0-0 11. f3 c5 12. Bd3 Rc8 13. 0-0 d5 14. cxd5 exd5 15. Rfe1 Re8 16. Bh7+ Kh8 1/2-1/2

[Event "IECG CD.2005.0.00102 email"]
[Site "IECG email"]
[Date "2005.11.21"]
[Round "?"]
[White "Bruce, Earle"]
[Black "Caluade, Timothy"]
[Result "0-1"]
[WhiteElo "1490"]
[BlackElo "1500"]
[PlyCount "52"]
[EventDate "2005.11.21"]
[EventType "tourn (corr)"]
[EventRounds "6"]
[SourceTitle "Corr 2008"]
[Source "ChessBase"]
[SourceDate "2008.06.24"]
[SourceVersion "1"]
[SourceVersionDate "2008.06.24"]
[SourceQuality "1"]

1. e4 e5 2. Nf3 Nc6 3. Bb5 a6 4. Bxc6 dxc6 5. 0-0 Qd6 6. d4 exd4 7. Nxd4 Bd7 8. Be3 0-0-0 9. Qe2 Qg6 10. Nd2 Nh6 11. f3 f5 12. Rad1 Bd6 13. Bxh6 Qxh6 14. e5 Bc5 15. c3 Rhe8 16. f4 Ba7 17. Nc4 g5 18. fxg5 Qxg5 19. Kh1 Bxd4 20. cxd4 Be6 21. b4 Rg8 22. Rf2 Qh4 23. Ne3 f4 24. Nf1 Bg4 25. Rf3 Qh5 26. Rd2 Rg7 0-1